000 04879cam a22019694i 4500
003 PE-LiUPU
005 20250813165506.0
005 20171205112858.0
008 170612s2013 sp a rb 000 0 spa d
020 _a8415968043
020 _a9788415968047
035 _a(Sirsi) i9788415968047
035 _a(OCoLC)864171649
040 _aBNM
_bspa
_erda
_cBNM
_dSUE
_dPE-LiUPU
041 1 _aspa
_hger
049 _aPRUA
080 _a616.348-085.838
082 0 4 _a616.34206
_bU37
_223
100 1 _aUllrich, Manfred A.,
_eautor.
240 1 0 _aChronische Krankheiten durch Colon-Hydro-Therapie erfolgreich behandeln
_lEspañol
245 1 0 _aHidroterapia del colon :
_btratamiento eficaz de las enfermedades crónicas a través de la sanación del intestino /
_cManfred A. Ullrich.
250 _a1a edición.
264 1 _aBarcelona :
_bObelisco,
_c2013.
300 _a313 páginas :
_bilustraciones ;
_c24 centímetros.
336 _atext
_2rdacontent
337 _aunmediated
_2rdamedia
338 _avolume
_2rdacarrier
490 0 _aColección Salud y vida natural
504 _aBibliografía: páginas [311]-313.
505 _aIntroducción -- Así funciona nuestro sistema digestivo -- Micosis -- La hidroterapia del colon en la práctica diaria -- Ámbitos de influencia de la hidroterapia de colon en el intestino -- Preguntas frecuentes de l os pacientes.
526 _aP203
526 _aP200
526 _aSEG65
526 _aSEG64
526 _aSEG63
526 _aSEG62
526 _aSEG61
526 _aSEG60
526 _aSEG59
526 _aSEG58
526 _aSEG57
526 _aSEG56
526 _aSEG55
526 _aSEG54
526 _aSEG53
526 _aSEG52
526 _aSEG51
526 _aSEG50
526 _aSEG49
526 _aSEG48
526 _aSEG47
526 _aSEG46
526 _aSEG24
526 _aSEG23
526 _aSEG22
526 _aSEG21
526 _aSEG20
526 _aSEG19
526 _aSEG18
526 _aSEG17
526 _aSEG16
526 _aSEG14
526 _aSEG13
526 _aSEG12
526 _aSEG11
526 _aSEG10
526 _aSEG09
526 _aSEG06
526 _aSEG05
526 _aSEG04
526 _aSEG03
526 _aSEG02
526 _aSEG68
526 _aSEG66
526 _aSEG45
526 _aSEG25
526 _aSEG01
526 _aP163
526 _aP162
526 _aP161
526 _aP160
526 _aP159
526 _aP158
526 _aP157
526 _aP156
526 _aP155
526 _aP154
526 _aP153
526 _aP152
526 _aP151
526 _aP150
526 _aP149
526 _aP142
526 _aP141
526 _aP140
526 _aP139
526 _aP138
526 _aP137
526 _aP132
526 _aP131
526 _aP130
526 _aP126
526 _aP125
526 _aP124
526 _aP123
526 _aP115
526 _aP122
526 _aP121
526 _aP116
526 _a P114
526 _aP112
526 _aP111
526 _aP104
526 _aP103
526 _aP102
526 _aP101
526 _aP100
526 _aP96
526 _aP95
526 _aP93
526 _aP92
526 _aP91
526 _aP88
526 _aP83
526 _aP82
526 _aP79
526 _aP78
526 _aP75
526 _aP74
526 _aP71
526 _aP69
526 _a P51
526 _aP49
526 _aP48
526 _aP47
526 _aP33
526 _aP31
526 _a P30
526 _aP29
526 _aP27
526 _aP26
526 _aP25
526 _aP24
526 _a P22
526 _aP10
526 _aP09
526 _a P08
526 _aP06
526 _aP05
526 _aP04
526 _aP01
534 _aTitulo original :
_tChronische Krankheiten durch Colon-Hydro-Therapie erfolgreich behandeln.
541 _g0006-002570;
650 7 _aColon
_xHidroterapia
_2embne
650 7 _aColon
_xHydrotherapy
_2embne
650 0 4 _aColon
_xDiseases.
650 0 4 _aColon
_xEnfermedades.
650 0 4 _aHidroterapia.
650 0 4 _aHydrotherapy.
910 _adbm
_bebj
_cebj
_d20171206
910 _adbm
_bsag
_csag
_d20190422
942 _2ddc
_cBOOK
949 _a616. 34206 U37
_wDEWEY
_c1
_i77214
_lCATALOGING
_mBUL
_p36.75
_r0
_sY
_tBOOK
_u2017-12-06
_xPOSGRADO
_PP79
_0COMPRA
_o.STAFF. Colección Ciencias de la Salud.
994 _aC0
_bPEPRU
596 _a1
999 _a616.34206 U37
_wDEWEY
_c26012
_i77214
_d26012
_e2018-9-5
_f2021-11-4
_g5
_lCCODEBUL1
_mBUL
_n1
_p36.75
_q1
_r0
_sY
_tBOOK
_u2017-12-6
_xSALUD
_zP79
_0COMPRA
_o.STAFF. Colección Ciencias de la Salud.
980 _81
_gALBERTO SANCHEZ Responsable de Automatización